000 00693nas a2200241 4500
001 BR9505391
003 BR-BrBNA
005 20231205094429.0
007 ta
008 230509b bl.|||p| |||| 00| 00por d
040 _aBR-BrBNA
_bpor
_cBiblioteca Nacional de Agricultura
041 _a(Pt)
072 _aL73
100 1 _aVaitsman, J.
245 1 _aUremia pode ser sintoma da bronquite infecciosa
650 _aFrango
650 _aBronquite
650 _aDoenca Respiratoria
650 _aVirus
773 0 _tChacaras e Quintais. Agricultura e Pecuaria (Brazil)
_x
_g(May 1966), v. 113(5) p. 381-384
_wBR9505391
909 _a202311
_bLúcia
_c55
_dLúcia Elande
942 _2AGRIS
_n0
_cANA
999 _c144258
_d144258